书目信息 |
| 题名: |
电视剧写作概论
|
|
| 作者: | 姚扣根 著 | |
| 分册: | ||
| 出版信息: | 上海 上海古籍出版社 2003 |
|
| 页数: | 208页 | |
| 开本: | 23cm | |
| 丛书名: | 传播学丛书 | |
| 单 册: | ||
| 中图分类: | I053.5 | |
| 科图分类: | ||
| 主题词: | 电视文学剧本--创作方法 | |
| 电子资源: | ||
| ISBN: | 7-5325-3563-0 | |
| 000 | 00798oam2 2200253 45 | |
| 001 | 002546213 | |
| 005 | 20051231153249.53 | |
| 010 | @a7-5325-3563-0@dCNY27.00 | |
| 092 | @aCN | |
| 100 | @a20031231d2003 em y0chiy0110 ea | |
| 101 | 0 | @achi |
| 102 | @aCN@b310000 | |
| 105 | @ay z 000yy | |
| 200 | 1 | @a电视剧写作概论@Adian shi ju xie zuo gai lun@f姚扣根著@FYao Kou Gen Zhu |
| 210 | @a上海@c上海古籍出版社@d2003 | |
| 215 | @a208页@d23cm | |
| 225 | 2 | @a传播学丛书 |
| 330 | @a本书回顾了中外电视剧的发展历程,从演剧艺术、影像艺术、电视媒介三个方面进行对电视剧特性进行阐述,并介绍电视剧语言系统的基本表现手段等。 | |
| 410 | @12001 @a传播学丛书 | |
| 606 | 0 | @a电视文学剧本@x创作方法 |
| 690 | @aI053.5@v4 | |
| 701 | 0 | @a姚扣根@4著 |
| 801 | 0 | @aCN@bNLC@c20051231 |
| 905 | @a10447@dI053.5@e112 | |
| 电视剧写作概论/姚扣根著.-上海:上海古籍出版社,2003 |
| 208页;23cm.-(传播学丛书) |
| ISBN 7-5325-3563-0:CNY27.00 |
| 本书回顾了中外电视剧的发展历程,从演剧艺术、影像艺术、电视媒介三个方面进行对电视剧特性进行阐述,并介绍电视剧语言系统的基本表现手段等。 |
| ● |
| 相关链接 |
|
|
|
|
正题名:电视剧写作概论
索取号:I053.5/112
 
预约/预借
| 序号 | 登录号 | 条形码 | 馆藏地/架位号 | 状态 | 备注 |
| 1 | 0355397 | 3553979 | 第一样本阅览室/ [索取号:I053.5/112] | 在馆 | |
| 2 | 0373406 | 203734067 | 第二借阅区/ [索取号:I053.5/112] | 在馆 | |
| 3 | 0373407 | 203734076 | 第二借阅区/ [索取号:I053.5/112] | 在馆 | |
| 4 | 0373408 | 203734085 | 第二借阅区/ [索取号:I053.5/112] | 在馆 | |
| 5 | 0373409 | 203734094 | 第二借阅区/ [索取号:I053.5/112] | 在馆 | |
| 6 | 0373410 | 203734101 | 第二借阅区/ [索取号:I053.5/112] | 在馆 |